00336nam a2200121 a 4500008004100000050001600041100001900057245004800076246005200124260000900176350000900185700002000194120416s1961 xx |||||||||||||| || u aE 178.6 Ame aFine, Sidney A14aThe American pastcedited by Sidney A. Fine aconflicting interpretations of the great issues c1961 a0.00 aBrown, Gerald S